Normal view
MARC view
Entry Personal Name
001 - CONTROL NUMBER
- control field: 19262
003 - CONTROL NUMBER IDENTIFIER
- control field: ARRUPE
005 - DATE AND TIME OF LATEST TRANSACTION
- control field: 20150902150749.0
008 - FIXED-LENGTH DATA ELEMENTS
- fixed length control field: 150902|| aca||aabn | a|a d
040 ## - CATALOGING SOURCE
- Original cataloging agency: ARRUPE
- Transcribing agency: ARRUPE
100 ## - HEADING--PERSONAL NAME
- Personal name: edited by Tikva Frymer-Kensky , Frymer-Kensky, Tikva Simone
670 ## - SOURCE DATA FOUND
- Source citation: Work cat.: (ARRUPE)10621: Christianity in Jewish terms